书目信息 |
| 题名: |
鲁迅手稿全集
|
|
| 作者: | ;鲁迅手稿全集编缉委员会 编 | |
| 分册: | 第六册 书信 | |
| 出版信息: | 北京 文物出版社 1979 |
|
| 页数: | 342页 | |
| 开本: | 26cm | |
| 丛书名: | ||
| 单 册: | ||
| 中图分类: | I210.8 | |
| 科图分类: | ||
| 主题词: | ||
| 电子资源: | ||
| ISBN: | ||
| 000 | 00597nam0 2200181 45 | |
| 001 | 0181013529 | |
| 005 | 20060605162131.29 | |
| 010 | @dCNY5.00 | |
| 100 | @a20810111d km y0chiy0120 ea | |
| 101 | 0 | @achi |
| 200 | 1 | @a鲁迅手稿全集@Alu xun shou gao quan ji@h第六册@i书信@f鲁迅手稿全集编缉委员会编@Flu xun shou gao quan ji bian ji wei yuan hui bian |
| 210 | @a北京@c文物出版社@d1979 | |
| 215 | @a342页@d26cm | |
| 517 | 1 | @a书信@Ashu xin |
| 690 | @aI210.8@v4 | |
| 711 | 0 | @a鲁迅手稿全集编缉委员会@Alu xun shou gao quan ji bian ji wei yuan hui@4编 |
| 801 | @aCN@bTSTC@c20060605 | |
| 905 | @dI210.8@e31:6 | |
| 鲁迅手稿全集.第六册.书信/鲁迅手稿全集编缉委员会编.-北京:文物出版社,1979 |
| 342页;26cm |
| ISBN :CNY5.00 |
| ● |
| 相关链接 |
|
|
|
|
正题名:鲁迅手稿全集
索取号:I210.8/31:6
 
预约/预借
| 序号 | 登录号 | 条形码 | 馆藏地/架位号 | 状态 | 备注 |
| 1 | 0179472 | 000042563 | 第一样本阅览室/ [索取号:I210.8/31:6] | 在馆 | |
| 2 | 0420597 | 204205975 | 密集书库/ [索取号:I210.8/31:6] | 在馆 |